Fotografía digital / (Record no. 87251)
[ view plain ]
| 000 -CABECERA | |
|---|---|
| campo de control de longitud fija | 00786nam a2200217 a 4500 |
| 005 - FECHA Y HORA DE LA ÚLTIMA TRANSACCIÓN | |
| campo de control | 20210223124500.0 |
| 008 - ELEMENTOS DE LONGITUD FIJA--INFORMACIÓN GENERAL | |
| campo de control de longitud fija | 011023s2000 es r 000 0 spa d |
| 020 ## - NÚMERO INTERNACIONAL NORMALIZADO PARA LIBROS | |
| Número Internacional Estándar del Libro | 8441509883 |
| 035 ## - NÚMERO DE CONTROL DEL SISTEMA | |
| Número de control de sistema | UPN01000113343 |
| 049 ## - COLECCIÓN | |
| Colección | CG |
| 050 #4 - SIGNATURA TOPOGRÁFICA DE LA BIBLIOTECA DEL CONGRESO | |
| Número de clasificación | TR267 |
| Número de documento/Ítem | O3.3 |
| 100 1# - ASIENTO PRINCIPAL--NOMBRE PERSONAL | |
| Nombre de persona | Odam, John |
| 9 (RLIN) | 41667 |
| 245 10 - MENCIÓN DE TÍTULO | |
| Título | Fotografía digital / |
| Mención de responsabilidad, etc. | John Odam ; tr. Antonio García del Olmo. |
| 260 ## - PUBLICACIÓN, DISTRIBUCIÓN, ETC. | |
| Lugar de publicación, distribución, etc. | Madrid : |
| Nombre del editor, distribuidor, etc. | Anaya Multimedia, |
| Fecha de publicación, distribución, etc. | c2000. |
| 300 ## - DESCRIPCIÓN FÍSICA | |
| Extensión | 237 p. : |
| Otras características físicas | il. col. + |
| Material acompañante/anejo | 1 CD-ROM : col.; 4 3/4 plg. |
| 440 #0 - MENCIÓN DE SERIE/ASIENTO SECUNDARIO--TÍTULO | |
| Título | Biblioteca profesional de diseño. |
| Nombre de parte o sección de la obra | Diseño y creatividad |
| 500 ## - NOTA GENERAL | |
| Nota general | "Nivel: medio. Tipo de libro: aprendizaje/referencia. Temática: diseño" |
| 650 #4 - ASIENTO SECUNDARIO DE MATERIA - TERMINO TEMATICO | |
| Término de materia o nombre geográfico como elemento de entrada | FOTOGRAFIA - |
| Subdivisión general | TECNICAS DIGITALES |
| 9 (RLIN) | 13455 |
| 650 #4 - ASIENTO SECUNDARIO DE MATERIA - TERMINO TEMATICO | |
| Término de materia o nombre geográfico como elemento de entrada | PROCESAMIENTO DE IMAGEN - |
| Subdivisión general | TECNICAS DIGITALES |
| 9 (RLIN) | 13290 |
| 905 ## - TIPO DE MATERIAL | |
| Tipo de material | Libro |
| Estado de retiro | Estado de pérdida | Fuente del sistema de clasificación o colocación | Estado dañado | No para préstamo | Código de colección | Localización permanente | Ubicación/localización actual | Ubicación en estantería | Fecha de adquisición | Total de préstamos | Código de barras | Fecha visto por última vez | Fecha del último préstamo | Número de copia | Tipo de ítem Koha |
|---|---|---|---|---|---|---|---|---|---|---|---|---|---|---|---|
| Library of Congress Classification | Colección General | Bib. Gregorio Torres Quintero | Bib. Gregorio Torres Quintero | Planta baja | 03/03/2023 | 2 | 186942 | 05/12/2023 | 03/03/2023 | 1 | Revista no encuadernada |
